000 00799cab a22001935a 4500
001 L145995
008 081201e20081111xxko f v 000 0 eng d
035 _a(Sirsi) u145995
041 0 _aeng
100 1 _aThompson, Keith
245 0 0 _aWith a clear intent
260 _c2008
490 0 _aSolicitors Journal
_v152 (43) 11 November, 18-20 (2)
520 _aDiscusses the recent judgment in Diamond Build Ltd v Clapham Park Homes Ltd [2008] EHWC 1439 (TCC), delivered on June 2008, on the interpretation of a letter of intent. Concludes that letters of intent create many problems if they are not promptly followed by a main contract.
590 _aKA
651 4 _aEngland and Wales
_y1543-
690 _aBUILT ENVIRONMENT-CONSTRUCTION MANAGEMENT-BUILDING CONTRACT ADMINISTRATION
942 _n0
999 _c80992
_d80992